Microprocessor and Interfacing (Record no. 1221)

MARC details
000 -LEADER
fixed length control field 00368nam a2200145Ia 4500
008 - FIXED-LENGTH DATA ELEMENTS--GENERAL INFORMATION
fixed length control field 191201s2004 xx 000 0 und d
082 ## - DEWEY DECIMAL CLASSIFICATION NUMBER
Classification number 005.26
Item number HAM
100 ## - MAIN ENTRY--PERSONAL NAME
Personal name HALL, Douglas V
245 #0 - TITLE STATEMENT
Title Microprocessor and Interfacing
250 ## - EDITION STATEMENT
Edition statement 2nd
260 ## - PUBLICATION, DISTRIBUTION, ETC. (IMPRINT)
Place of publication, distribution, etc N.Delhi
Name of publisher, distributor, etc Tata Mc Graw Hill Pubg. co. Ltd
Date of publication, distribution, etc 2004
300 ## - PHYSICAL DESCRIPTION
Extent 624
650 ## - SUBJECT ADDED ENTRY--TOPICAL TERM
Topical term or geographic name as entry element B.Tech(CSE)
942 ## - ADDED ENTRY ELEMENTS (KOHA)
Source of classification or shelving scheme Dewey Decimal Classification
Koha item type Text Books
Holdings
Withdrawn status Lost status Source of classification or shelving scheme Damaged status Not for loan Collection code Home library Current library Date acquired Source of acquisition Cost, normal purchase price Bill Number Total Checkouts Full call number Acc. no. / Barcode Date last seen Bill Date Koha item type Date last borrowed
    Dewey Decimal Classification     B.Tech(CSE) PIET C-LIBRARY PIET C-LIBRARY 12/08/2005 M/s UBS Publishers, New Delhi 250.00 125377   005.26 HAM 1783 04/12/2019 18/08/2005 Text Books  
    Dewey Decimal Classification     B.Tech(CSE) PIET C-LIBRARY PIET C-LIBRARY 12/08/2005 M/s UBS Publishers, New Delhi 250.00 125377 1 005.26 HAM 1784 27/12/2023 18/08/2005 Text Books 13/12/2023
    Dewey Decimal Classification     B.Tech(CSE) PIET C-LIBRARY PIET C-LIBRARY 22/03/2007 M/s UBS, Delhi 300.00 125382 2 005.26 HAM 2542 27/12/2023 22/08/2005 Text Books 18/12/2023
    Dewey Decimal Classification     B.Tech(CSE) PIET C-LIBRARY PIET C-LIBRARY 22/03/2007 M/s UBS, Delhi 300.00 125382 3 005.26 HAM 2543 20/01/2023 22/08/2005 Text Books 03/01/2023
    Dewey Decimal Classification     B.Tech(CSE) PIET C-LIBRARY PIET C-LIBRARY 22/03/2007 M/s UBS, Delhi 250.00 125382 2 005.26 HAM 3417 28/10/2025 23/08/2005 Text Books 08/10/2025
    Dewey Decimal Classification     B.Tech(CSE) PIET C-LIBRARY PIET C-LIBRARY 22/03/2007 M/s UBS, Delhi 250.00 125382   005.26 HAM 3418 04/12/2019 23/08/2005 Text Books  

Design & Developed by: PIET Central Library
R70 Miles Stone Pattikalyana Samalkha Panipat 132102
mail ID :- [email protected], Phone No:- 0180-2569700 Ex.216